<?xml version="1.0" encoding="UTF-8"?>
<record
    xmlns:xsi="http://www.w3.org/2001/XMLSchema-instance"
    xsi:schemaLocation="http://www.loc.gov/MARC21/slim http://www.loc.gov/standards/marcxml/schema/MARC21slim.xsd"
    xmlns="http://www.loc.gov/MARC21/slim">

  <leader>02483nam a22002777a 4500</leader>
  <controlfield tag="003">NALT</controlfield>
  <controlfield tag="005">20251014172810.0</controlfield>
  <controlfield tag="008">221224b        th ||||| |||| 00| 0 tha d</controlfield>
  <datafield tag="020" ind1=" " ind2=" ">
    <subfield code="a">9745718572</subfield>
  </datafield>
  <datafield tag="040" ind1=" " ind2=" ">
    <subfield code="a">NALT</subfield>
  </datafield>
  <datafield tag="041" ind1=" " ind2=" ">
    <subfield code="a">tha</subfield>
  </datafield>
  <datafield tag="090" ind1=" " ind2=" ">
    <subfield code="a">KC 31</subfield>
    <subfield code="b">&#xE1B;414&#xE04; 2549</subfield>
  </datafield>
  <datafield tag="100" ind1="0" ind2=" ">
    <subfield code="a">&#xE1B;&#xE23;&#xE30;&#xE2A;&#xE34;&#xE17;&#xE18;&#xE34;&#xE4C; &#xE1B;&#xE34;&#xE27;&#xE32;&#xE27;&#xE31;&#xE12;&#xE19;&#xE1E;&#xE32;&#xE19;&#xE34;&#xE0A;</subfield>
    <subfield code="9">5924</subfield>
  </datafield>
  <datafield tag="245" ind1="1" ind2="0">
    <subfield code="a">&#xE04;&#xE27;&#xE32;&#xE21;&#xE23;&#xE39;&#xE49;&#xE17;&#xE31;&#xE48;&#xE27;&#xE44;&#xE1B;&#xE40;&#xE01;&#xE35;&#xE48;&#xE22;&#xE27;&#xE01;&#xE31;&#xE1A;&#xE01;&#xE0E;&#xE2B;&#xE21;&#xE32;&#xE22; /</subfield>
    <subfield code="c">&#xE1B;&#xE23;&#xE30;&#xE2A;&#xE34;&#xE17;&#xE18;&#xE34;&#xE4C; &#xE1B;&#xE34;&#xE27;&#xE32;&#xE27;&#xE31;&#xE12;&#xE19;&#xE1E;&#xE32;&#xE19;&#xE34;&#xE0A;.</subfield>
  </datafield>
  <datafield tag="250" ind1=" " ind2=" ">
    <subfield code="a">&#xE1E;&#xE34;&#xE21;&#xE1E;&#xE4C;&#xE04;&#xE23;&#xE31;&#xE49;&#xE07;&#xE17;&#xE35;&#xE48; 2 &#xE41;&#xE01;&#xE49;&#xE44;&#xE02;&#xE40;&#xE1E;&#xE34;&#xE48;&#xE21;&#xE40;&#xE15;&#xE34;&#xE21;.</subfield>
  </datafield>
  <datafield tag="260" ind1=" " ind2=" ">
    <subfield code="a">&#xE01;&#xE23;&#xE38;&#xE07;&#xE40;&#xE17;&#xE1E;&#xE2F; : </subfield>
    <subfield code="b">&#xE2A;&#xE33;&#xE19;&#xE31;&#xE01;&#xE1E;&#xE34;&#xE21;&#xE1E;&#xE4C;&#xE21;&#xE2B;&#xE32;&#xE27;&#xE34;&#xE17;&#xE22;&#xE32;&#xE25;&#xE31;&#xE22;&#xE18;&#xE23;&#xE23;&#xE21;&#xE28;&#xE32;&#xE2A;&#xE15;&#xE23;&#xE4C;, </subfield>
    <subfield code="c">2549.</subfield>
  </datafield>
  <datafield tag="300" ind1=" " ind2=" ">
    <subfield code="a">23, 303 &#xE2B;&#xE19;&#xE49;&#xE32; ;</subfield>
    <subfield code="b"> </subfield>
    <subfield code="c">26 &#xE0B;&#xE21;.</subfield>
  </datafield>
  <datafield tag="505" ind1="2" ind2=" ">
    <subfield code="a">&#xE1A;&#xE17;&#xE17;&#xE35;&#xE48; 1 &#xE2A;&#xE16;&#xE32;&#xE1A;&#xE31;&#xE19;&#xE17;&#xE32;&#xE07;&#xE2A;&#xE31;&#xE07;&#xE04;&#xE21; : &#xE08;&#xE32;&#xE01;&#xE04;&#xE23;&#xE2D;&#xE1A;&#xE04;&#xE23;&#xE31;&#xE27;&#xE2A;&#xE39;&#xE48;&#xE23;&#xE31;&#xE10; -- &#xE1A;&#xE17;&#xE17;&#xE35;&#xE48; 2 &#xE1A;&#xE48;&#xE2D;&#xE40;&#xE01;&#xE34;&#xE14;&#xE02;&#xE2D;&#xE07;&#xE01;&#xE0E;&#xE2B;&#xE21;&#xE32;&#xE22; -- &#xE1A;&#xE17;&#xE17;&#xE35;&#xE48; 3 &#xE01;&#xE32;&#xE23;&#xE41;&#xE1A;&#xE48;&#xE07;&#xE1B;&#xE23;&#xE30;&#xE40;&#xE20;&#xE17;&#xE02;&#xE2D;&#xE07;&#xE01;&#xE0E;&#xE2B;&#xE21;&#xE32;&#xE22; -- &#xE1A;&#xE17;&#xE17;&#xE35;&#xE48; 4 &#xE02;&#xE2D;&#xE1A;&#xE40;&#xE02;&#xE15;&#xE01;&#xE32;&#xE23;&#xE1A;&#xE31;&#xE07;&#xE04;&#xE31;&#xE1A;&#xE43;&#xE0A;&#xE49;&#xE01;&#xE0E;&#xE2B;&#xE21;&#xE32;&#xE22; -- &#xE1A;&#xE17;&#xE17;&#xE35;&#xE48; 5 &#xE01;&#xE32;&#xE23;&#xE15;&#xE35;&#xE04;&#xE27;&#xE32;&#xE21;&#xE01;&#xE0E;&#xE2B;&#xE21;&#xE32;&#xE22; -- &#xE1A;&#xE17;&#xE17;&#xE35;&#xE48; 6 &#xE18;&#xE23;&#xE23;&#xE21;&#xE40;&#xE19;&#xE35;&#xE22;&#xE21;&#xE1B;&#xE0F;&#xE34;&#xE1A;&#xE31;&#xE15;&#xE34;&#xE17;&#xE32;&#xE07;&#xE01;&#xE0E;&#xE2B;&#xE21;&#xE32;&#xE22;&#xE02;&#xE2D;&#xE07;&#xE0B;&#xE35;&#xE27;&#xE34;&#xE25;&#xE25;&#xE2D;&#xE27;&#xE4C;&#xE41;&#xE25;&#xE30;&#xE04;&#xE2D;&#xE21;&#xE21;&#xE2D;&#xE19;&#xE25;&#xE2D;&#xE27;&#xE4C; -- &#xE1A;&#xE17;&#xE17;&#xE35;&#xE48; 7 &#xE04;&#xE27;&#xE32;&#xE21;&#xE23;&#xE39;&#xE49;&#xE40;&#xE1A;&#xE37;&#xE49;&#xE2D;&#xE07;&#xE15;&#xE49;&#xE19;&#xE40;&#xE01;&#xE35;&#xE48;&#xE22;&#xE27;&#xE01;&#xE31;&#xE1A;&#xE01;&#xE0E;&#xE2B;&#xE21;&#xE32;&#xE22;&#xE41;&#xE1E;&#xE48;&#xE07;: 1 -- &#xE1A;&#xE17;&#xE17;&#xE35;&#xE48; 8 &#xE04;&#xE27;&#xE32;&#xE21;&#xE23;&#xE39;&#xE49;&#xE40;&#xE1A;&#xE37;&#xE49;&#xE2D;&#xE07;&#xE15;&#xE49;&#xE19;&#xE40;&#xE01;&#xE35;&#xE48;&#xE22;&#xE27;&#xE01;&#xE31;&#xE1A;&#xE01;&#xE0E;&#xE2B;&#xE21;&#xE32;&#xE22;&#xE41;&#xE1E;&#xE48;&#xE07;: 2 -- &#xE1A;&#xE17;&#xE17;&#xE35;&#xE48; 9 &#xE04;&#xE27;&#xE32;&#xE21;&#xE23;&#xE39;&#xE49;&#xE17;&#xE31;&#xE48;&#xE27;&#xE44;&#xE1B;&#xE40;&#xE01;&#xE35;&#xE48;&#xE22;&#xE27;&#xE01;&#xE31;&#xE1A;&#xE01;&#xE0E;&#xE2B;&#xE21;&#xE32;&#xE22;&#xE23;&#xE31;&#xE10;&#xE18;&#xE23;&#xE23;&#xE21;&#xE19;&#xE39;&#xE0D; -- &#xE1A;&#xE17;&#xE17;&#xE35;&#xE48; 10 &#xE01;&#xE0E;&#xE2B;&#xE21;&#xE32;&#xE22;&#xE02;&#xE31;&#xE14;&#xE01;&#xE31;&#xE19; -- &#xE1A;&#xE17;&#xE17;&#xE35;&#xE48; 11 &#xE01;&#xE0E;&#xE2B;&#xE21;&#xE32;&#xE22;&#xE23;&#xE30;&#xE2B;&#xE27;&#xE48;&#xE32;&#xE07;&#xE1B;&#xE23;&#xE30;&#xE40;&#xE17;&#xE28;.</subfield>
  </datafield>
  <datafield tag="650" ind1=" " ind2="4">
    <subfield code="a">&#xE01;&#xE0E;&#xE2B;&#xE21;&#xE32;&#xE22;</subfield>
    <subfield code="z">&#xE44;&#xE17;&#xE22;</subfield>
    <subfield code="9">4701</subfield>
  </datafield>
  <datafield tag="650" ind1=" " ind2="4">
    <subfield code="a">&#xE01;&#xE0E;&#xE2B;&#xE21;&#xE32;&#xE22;&#xE41;&#xE1E;&#xE48;&#xE07;</subfield>
    <subfield code="x">&#xE23;&#xE27;&#xE21;&#xE40;&#xE23;&#xE37;&#xE48;&#xE2D;&#xE07;</subfield>
    <subfield code="z">&#xE44;&#xE17;&#xE22; </subfield>
  </datafield>
  <datafield tag="650" ind1=" " ind2="4">
    <subfield code="a">&#xE01;&#xE0E;&#xE2B;&#xE21;&#xE32;&#xE22;&#xE23;&#xE31;&#xE10;&#xE18;&#xE23;&#xE23;&#xE21;&#xE19;&#xE39;&#xE0D;</subfield>
    <subfield code="9">1629</subfield>
  </datafield>
  <datafield tag="650" ind1=" " ind2="4">
    <subfield code="a">&#xE01;&#xE0E;&#xE2B;&#xE21;&#xE32;&#xE22;&#xE23;&#xE30;&#xE2B;&#xE27;&#xE48;&#xE32;&#xE07;&#xE1B;&#xE23;&#xE30;&#xE40;&#xE17;&#xE28;</subfield>
    <subfield code="9">9812</subfield>
  </datafield>
  <datafield tag="850" ind1=" " ind2=" ">
    <subfield code="a">NALT</subfield>
  </datafield>
  <datafield tag="942" ind1=" " ind2=" ">
    <subfield code="c">LB</subfield>
    <subfield code="2">local</subfield>
  </datafield>
  <datafield tag="998" ind1=" " ind2=" ">
    <subfield code="a">kornsiririn</subfield>
    <subfield code="j">111</subfield>
    <subfield code="k"> &#xE19;&#xE32;&#xE07;&#xE2A;&#xE32;&#xE27;&#xE1E;&#xE08;&#xE1E;&#xE34;&#xE13;  &#xE1E;&#xE23;&#xE21;&#xE40;&#xE2D;&#xE35;&#xE48;&#xE22;&#xE21;</subfield>
  </datafield>
  <datafield tag="999" ind1=" " ind2=" ">
    <subfield code="c">101242</subfield>
    <subfield code="d">101242</subfield>
  </datafield>
  <datafield tag="952" ind1=" " ind2=" ">
    <subfield code="0">0</subfield>
    <subfield code="1">0</subfield>
    <subfield code="2">local</subfield>
    <subfield code="4">0</subfield>
    <subfield code="7">0</subfield>
    <subfield code="8">CSEN</subfield>
    <subfield code="a">NALT</subfield>
    <subfield code="b">NALT</subfield>
    <subfield code="c">LAW</subfield>
    <subfield code="d">2022-12-24</subfield>
    <subfield code="l">1</subfield>
    <subfield code="m">1</subfield>
    <subfield code="o">KC 31 &#xE1B;414&#xE04; 2549</subfield>
    <subfield code="p">0100005278001</subfield>
    <subfield code="r">2025-10-27 00:00:00</subfield>
    <subfield code="s">2025-10-14</subfield>
    <subfield code="w">2022-12-24</subfield>
    <subfield code="y">LB</subfield>
  </datafield>
</record>
